Statistiques concernant Quiz sur Aya Nakamura

Cliquez ici pour prendre le quiz!

Statistiques générales

  • Ce quiz a été pris 124 fois
  • Le résultat moyen est 7 sur 9

Statistiques - réponses

HintRéponse% Correct
Combien d'enfants a-t-elle ?2
97%
Quelle est sa chanson qui comptabilise le plus de vues sur le web ?Djadja
95%
Vrai ou faux : elle est la seconde artiste francophone la plus écoutée au monde.faux
92%
En quelle année est sorti son premier album ?2017
91%
De quel pays est originaire Aya Nakaruma ?Mali
82%
Quel est le nom de son feat avec le rappeur Damso ?Dégaine
77%
Quel est le nom de ce dernier ?Journal Intime
48%
De quelle marque est-elle l'égérie internationale ?Lancome
46%
Quel domaine d'étude a-t-elle suivi avant d'être chanteuse ?mode
23%

Distribution des résultats

Percentile par nombre de réponses

% des personnes avec chaque résultat

Votre développement - résultats

Vous n’avez pas pris ce quiz